000 00675nam a2200193Ii 4500
003 JO-AjNU
008 230605s9999||||xx |||||||||||||| ||und||
040 _aJO-AjNU
_bara
_erda
_cJO-AjNU
041 _aara
050 1 4 _aLG395 2000
100 3 _aجامعة اليرموك,
_eauthor
_945885
245 0 0 _aمركز الإستشارات وخدمة المجتمع الخطة التدريبية لعام 2000
264 3 1 _aإربد:جامعة اليرموك،2000
300 _a215ص
336 _atext
_btxt
_2rdacontent
337 _aunmediated
_bn
_2rdamedia
338 _avolume
_bnc
_2rdacarrier
650 4 _aمركز الإستشارات وخدمة المجتمع
_945886
999 _aA19922
_c23490
_d23490